Welsh house price boom (Record no. 74366)

MARC details
000 -LEADER
fixed length control field 01248cam a2200217 4500
008 - FIXED-LENGTH DATA ELEMENTS--GENERAL INFORMATION
fixed length control field 040413n2004 000 0 eng u
035 ## - SYSTEM CONTROL NUMBER
System control number (Sirsi) u125817
245 ## - TITLE STATEMENT
Title Welsh house price boom
260 ## - PUBLICATION, DISTRIBUTION, ETC.
Date of publication, distribution, etc. 2004
490 ## - SERIES STATEMENT
Series statement Halifax Building Society Press Release
Volume/sequential designation 12 April 2004, (1)
520 ## - SUMMARY, ETC.
Summary, etc. According to the latest housing survey conducted by the Halifax Building Society, Wales takes four of the top 10 spots in the Halifax's new table of 67 counties in England, Scotland, Wales and Northern Ireland. Of those four Welsh counties Gwynedd (57%) and West Glamorgan (56%) have seen the biggest house price rises over the past 12 months. The 10 counties with the biggest price gains during the last 12 months are all outside southern England. All these counties have seen house prices increases of 30% or more. For the Halifax Press Release: http://www.hbosplc.com/media/pressreleases/articles/halifax/2004-04-12-00.asp?fs=/media/press_releases.asp
590 ## - LOCAL NOTE (RLIN)
Local note WB
650 ## - SUBJECT ADDED ENTRY--TOPICAL TERM
Topical term or geographic name entry element NORTH ENGLAND
650 ## - SUBJECT ADDED ENTRY--TOPICAL TERM
Topical term or geographic name entry element WALES
650 ## - SUBJECT ADDED ENTRY--TOPICAL TERM
Topical term or geographic name entry element HOUSE PRICE DATA
650 ## - SUBJECT ADDED ENTRY--TOPICAL TERM
Topical term or geographic name entry element HOUSE PRICE INDEX
650 ## - SUBJECT ADDED ENTRY--TOPICAL TERM
Topical term or geographic name entry element WELSH COUNTIES
650 ## - SUBJECT ADDED ENTRY--TOPICAL TERM
Topical term or geographic name entry element HALIFAX BUILDING SOCIETY
690 ## - LOCAL SUBJECT ADDED ENTRY--TOPICAL TERM (OCLC, RLIN)
Topical term or geographic name as entry element PROPERTY-RESIDENTIAL PROPERTY-RESIDENTIAL PROPERTY MARKET
942 ## - ADDED ENTRY ELEMENTS (KOHA)
Suppress in OPAC 0

No items available.